La Relación de Causalidad y las Funciones del Derecho de Daños : reparación, prevención, minimización de costos sociales /

Guardado en:
Autor Principal: Acciarri, Hugo A.
Formato: Libro
Idioma:Spanish
Publicado: Buenos Aires : Abeledo-Perrot, 2009
Edición:1a. ed.
Materias:
Etiquetas: Agregar Etiqueta
Sin Etiquetas, Sea el primero en etiquetar este registro!
LEADER 00542nam a22001575a 4500
001 DER.der012740
008 180615s2009####ag#||||||||||||||#||spa||
005 20251201194114.0
245 1 0 |a La Relación de Causalidad y las Funciones del Derecho de Daños :  |b reparación, prevención, minimización de costos sociales /  |c Hugo A. Acciarri. 
250 |a 1a. ed. 
260 |a Buenos Aires :  |b Abeledo-Perrot,  |c 2009 
300 |a 289 p. 
020 |a 9789502019864 
100 1 |a Acciarri, Hugo A. 
650 7 |a DAÑOS 
859 |a DERECHO  |b BIB. DERECHO  |h 346  |i ACC  |p 003410